Современная интерпретация идей Й. А. Шумпетера. Роль предпринимательства в России; Экономика России в XXI веке; Т. 2

Podrobná bibliografie
Parent link:Экономика России в XXI веке: сборник научных трудов XI Международной научно-практической конференции "Экономические науки и прикладные исследования: фундаментальные проблемы модернизации экономики России", посвященной 110-летию экономического образования в Томском политехническом университете, г. Томск, 18-22 ноября 2014 г./ Национальный исследовательский Томский политехнический университет (ТПУ) ; ред. кол. Г. А. Барышева [и др.].— , 2014
Т. 2.— 2014.— [С. 326-331]
Hlavní autor: Зайковская А. С.
Korporativní autor: Национальный исследовательский Томский политехнический университет (ТПУ) Институт социально-гуманитарных технологий (ИСГТ) Кафедра экономики (ЭКОН)
Další autoři: Воробьева И. П. Ирина Павловна (научный руководитель)
Shrnutí:Заглавие с титульного экрана
Концептуальные теории об инновационной природе предпринимательства имеют важное значение для определения оптимальной модели зарождения и развития предпринимательской деятельности в современной России. Существенно помочь решению данной задачи может обращение к теоретическому опыту изучения предпринимательства выдающегося экономиста и социолога - американского ученого Й. Шумпетера. Цель данной статьи заключается в рассмотрении его теоретико-методологических взглядов об инновационной сущности предпринимательства и ценности для построения социологической теории предпринимательства в современной России.
Jazyk:ruština
Vydáno: 2014
Edice:Социально-гуманитарные аспекты модернизации экономики России
Témata:
On-line přístup:http://www.lib.tpu.ru/fulltext/c/2014/C40/V2/066.pdf
Médium: MixedMaterials Elektronický zdroj Kapitola
KOHA link:https://koha.lib.tpu.ru/cgi-bin/koha/opac-detail.pl?biblionumber=610387

MARC

LEADER 00000naa2a2200000 4500
001 610387
005 20260403090257.0
035 |a (RuTPU)RU\TPU\conf\7993 
035 |a RU\TPU\conf\7992 
090 |a 610387 
100 |a 20150121d2014 k y0rusy50 ca 
101 0 |a rus 
102 |a RU 
135 |a drgn ---uucaa 
181 0 |a i  
182 0 |a b 
200 1 |a Современная интерпретация идей Й. А. Шумпетера. Роль предпринимательства в России  |f А. С. Зайковская  |g науч. рук. И. П. Воробьева 
203 |a Текст  |c электронный 
225 1 |a Социально-гуманитарные аспекты модернизации экономики России 
300 |a Заглавие с титульного экрана 
320 |a [Библиогр.: с. 331 (12 назв.)] 
330 |a Концептуальные теории об инновационной природе предпринимательства имеют важное значение для определения оптимальной модели зарождения и развития предпринимательской деятельности в современной России. Существенно помочь решению данной задачи может обращение к теоретическому опыту изучения предпринимательства выдающегося экономиста и социолога - американского ученого Й. Шумпетера. Цель данной статьи заключается в рассмотрении его теоретико-методологических взглядов об инновационной сущности предпринимательства и ценности для построения социологической теории предпринимательства в современной России. 
337 |a Adobe Reader 
461 1 |0 (RuTPU)RU\TPU\conf\7533  |t Экономика России в XXI веке  |o сборник научных трудов XI Международной научно-практической конференции "Экономические науки и прикладные исследования: фундаментальные проблемы модернизации экономики России", посвященной 110-летию экономического образования в Томском политехническом университете, г. Томск, 18-22 ноября 2014 г.  |o в 2 т.  |f Национальный исследовательский Томский политехнический университет (ТПУ) ; ред. кол. Г. А. Барышева [и др.]  |d 2014 
463 0 |0 (RuTPU)RU\TPU\conf\7539  |t Т. 2  |v [С. 326-331]  |d 2014 
610 1 |a труды учёных ТПУ 
610 1 |a электронный ресурс 
610 1 |a идеи Шумпетера 
610 1 |a предпринимательство 
610 1 |a Россия 
610 1 |a предпринимательская деятельность 
610 1 |a инновации 
700 1 |a Зайковская  |b А. С. 
702 1 |a Воробьева  |b И. П.  |c экономист  |c доцент Томского политехнического университета, кандидат экономических наук  |f 1949-  |g Ирина Павловна  |4 727 
712 0 2 |a Национальный исследовательский Томский политехнический университет (ТПУ)  |b Институт социально-гуманитарных технологий (ИСГТ)  |b Кафедра экономики (ЭКОН)  |3 (RuTPU)RU\TPU\col\18375 
801 2 |a RU  |b 63413507  |c 20150121  |g RCR 
856 4 |u http://www.lib.tpu.ru/fulltext/c/2014/C40/V2/066.pdf 
942 |c BK